| 000 | 00623cam a2200193 a 4500 | ||
|---|---|---|---|
| 001 | 17265032 | ||
| 005 | 20250610090523.0 | ||
| 008 | 120420s2012 miu be 001 0 eng | ||
| 020 | _a9780801014178 (pbk.) | ||
| 050 | 0 | 0 |
_aBT1103 _b.G44 2012 |
| 082 | 0 | 0 |
_a239.03 _223 |
| 100 | 1 | _aGeisler, Norman L. | |
| 245 | 1 | 4 |
_aThe big book of Christian apologetics : _ban A to Z guide / _cNorman L. Geisler. |
| 260 |
_aGrand Rapids, MI : _bBaker Books, _cc2012. |
||
| 300 |
_a665 p. ; _ccm. |
||
| 650 | 0 |
_aApologetics _vEncyclopedias. |
|
| 700 | 1 |
_aGeisler, Norman L. _tBaker encyclopedia of Christian apologetics, |
|
| 942 |
_2lcc _cBK _n0 |
||
| 999 |
_c6377 _d6377 |
||